|
|
|
|
| LEADER |
01653nam a2200409Ia 4500 |
| 001 |
EBC408421 |
| 003 |
MiAaPQ |
| 005 |
20200520144314.0 |
| 006 |
m o d | |
| 007 |
cr cn||||||||| |
| 008 |
001117s2001 iluab sb 101 0 eng d |
| 010 |
|
|
|z 00066783
|
| 020 |
|
|
|z 0226531880 (alk. paper)
|
| 020 |
|
|
|z 9780226531885
|
| 035 |
|
|
|a (MiAaPQ)EBC408421
|
| 035 |
|
|
|a (Au-PeEL)EBL408421
|
| 035 |
|
|
|a (CaPaEBR)ebr10275446
|
| 035 |
|
|
|a (CaONFJC)MIL200497
|
| 035 |
|
|
|a (OCoLC)646795951
|
| 040 |
|
|
|a MiAaPQ
|c MiAaPQ
|d MiAaPQ
|
| 050 |
|
4 |
|a HG1615
|b .P78 2001
|
| 082 |
0 |
4 |
|a 332.1/068
|2 21
|
| 245 |
0 |
0 |
|a Prudential supervision
|h [electronic resource] :
|b what works and what doesn't /
|c edited by Frederic S. Mishkin.
|
| 260 |
|
|
|a Chicago :
|b University of Chicago Press,
|c 2001.
|
| 300 |
|
|
|a ix, 368 p. :
|b ill., map.
|
| 490 |
1 |
|
|a A National Bureau of Economic Research conference report
|
| 500 |
|
|
|a Papers presented at a conference held at Cheeca Lodge, Islamorada, FL, Jan. 13-15, 2000.
|
| 504 |
|
|
|a Includes bibliographical references and indexes.
|
| 533 |
|
|
|a Electronic reproduction. Ann Arbor, MI : ProQuest, 2015. Available via World Wide Web. Access may be limited to ProQuest affiliated libraries.
|
| 650 |
|
0 |
|a Bank management
|v Congresses.
|
| 650 |
|
0 |
|a Banks and banking
|x Government policy
|v Congresses.
|
| 650 |
|
0 |
|a Risk management
|v Congresses.
|
| 655 |
|
4 |
|a Electronic books.
|
| 700 |
1 |
|
|a Mishkin, Frederic S.
|
| 710 |
2 |
|
|a ProQuest (Firm)
|
| 830 |
|
0 |
|a National Bureau of Economic Research conference report.
|
| 856 |
4 |
0 |
|u https://ebookcentral.proquest.com/lib/matrademy/detail.action?docID=408421
|z Click to View
|